Central Library, Doon University
WEBOPAC (ONLINE PUBLIC ACCESS CATALOGUE)

Urban Planning And Policy (Record no. 60208)

MARC details
000 -LEADER
fixed length control field 00459nam a22001817a 4500
005 - DATE & TIME
control field 20260202161941.0
008 - FIXED-LENGTH DATA ELEMENTS--GENERAL INFORMATION
fixed length control field 260202b |||||||| |||| 00| 0 eng d
020 ## - ISBN
International Standard Book Number 9789390346158
Price 1750.00
040 ## - CATALOGING SOURCE
Original cataloging agency Doon University
041 ## - Language
Language English
082 ## - DDC NUMBER
Classification number 711.4
Book Number HER
100 ## - MAIN ENTRY--PERSONAL NAME
Personal name Herrera, Veronica
245 ## - TITLE STATEMENT
Title Urban Planning And Policy
260 ## - PUBLICATION, DISTRIBUTION, ETC. (IMPRINT)
Place of publication, distribution, etc New Delhi
Name of publisher, distributor, etc Blackwell Press
Date of publication, distribution, etc 2026
300 ## - PHYSICAL DESCRIPTION
Pages 298
650 ## - Subject
Subject Urban Studies
942 ## - ADDED ENTRY ELEMENTS (KOHA)
Koha item type Books
100 ## - MAIN ENTRY--PERSONAL NAME
-- 26167
650 ## - Subject
-- 24652
952 ## - LOCATION AND ITEM INFORMATION (KOHA)
-- 2026-02-02
952 ## - LOCATION AND ITEM INFORMATION (KOHA)
-- 2026-02-02
952 ## - LOCATION AND ITEM INFORMATION (KOHA)
-- 2026-02-02
Holdings
Withdrawn status Lost status Source of classification or shelving scheme Damaged status Not for loan Location (home branch) Sublocation or collection (holding branch) Date acquired Koha issues (times borrowed) Koha full call number Accession No. Koha date last seen Koha item type
          Doon University Doon University 02.02.2026   711.4 HER 51965 02.02.2026 Books
          Doon University Doon University 02.02.2026   711.4 HER 51966 02.02.2026 Books
          Doon University Doon University 02.02.2026   711.4 HER 51967 02.02.2026 Books
Contact : +91-135-2533126 (Library),+91-135-2533105 (Admin Office) , Email : doonlibrary@gmail.com

Powered by Koha